The Dark Quiz Stats

 Plays Quiz Updated Dec 11, 2018

     
Support Sporcle.
Go Orange.
Score 0/24 Timer 07:00
1 Play Today
Hint Answer % Correct
The 2008 sequel to 'Batman Begins'The Dark Knight
92.5%
A photographer may use one to develop filmDarkroom
84.9%
Period of decline experienced in Western Europe after the fall of RomeThe Dark Ages
81.1%
The sixth studio album from Pink FloydThe Dark Side of the Moon
66%
A subject at Hogwarts with an extraordinarily high turnover of staff membersDefense against the dark arts
51.6%
A substance invisible to electromagnetic radiationDark Matter
51.5%
Short lived Jessica Alba science fiction TV show on FOXDark Angel
50.5%
A nickname for Satan or Dracula or Ozzy OsbournePrince of Darkness
48.9%
2001 science fiction film with Jake and Maggie Gyllenhaal and Patrick SwayzeDonnie Darko
36.4%
A 1990s cartoon featuring an eponymous superhero anthropomorphic mallardDarkwing Duck
36.1%
1984 Bruce Springsteen hit songDancing in the Dark
32.3%
1902 novel by Joseph Conrad, used as the basis for 'Apocalypse Now'Heart of Darkness
31.9%
Hint Answer % Correct
A seven book fantasy fiction series by Stephen KingThe Dark Tower
27.8%
Jim Henson and Frank Oz 1982 fantasy filmThe Dark Crystal
21.9%
The third movie in the Evil Dead seriesArmy of Darkness
20.9%
An N64 first-person shooter video game released in 2000Perfect Dark
19.7%
Philip Pullman's trilogy of fantasy novelsHis Dark Materials
19.6%
American comic book publisher with titles such as 'Sin City' and 'Hellboy'Dark Horse Comics
19.1%
1960s TV show featuring the vampire Barnabas CollinsDark Shadows
17.7%
A TNT TV drama starring Dylan McDermottDark Blue
10.7%
Infogrames' survival horror video game seriesAlone in the Dark
8.4%
Philip K. Dick science fiction novel and later an interpolated rotoscope filmA Scanner Darkly
7.9%
DC Comics character and recurring nemesis to SupermanDarkseid
7.3%
A fantasy detective novel by Douglas AdamsThe Long Dark Tea Time of the Soul
4.3%

From the Vault

History of London II

by ZYX

History 10m
This probably won't get you through that exam you didn't study for, though.
Remove Ads.
Support Sporcle.
Get the best of Sporcle when you Go Orange. This ad-free experience offers more features, more stats, and more fun while also helping to support Sporcle. Thank you for becoming a member.

Show Comments

Extras

Top Quizzes Today


Score Distribution

Your Account Isn't Verified!

In order to create a playlist on Sporcle, you need to verify the email address you used during registration. Go to your Sporcle Settings to finish the process.

Report this User

Report this user for behavior that violates our Community Guidelines.

Details: